00478nam a22001457a 4500003000900000005001700009008004100026040001300067100002100080245004800101250000600149260002600155300001800181520013300199IT-RoPau20220918181218.0131125b xxu||||| |||| 00| 0 eng d cIT-RoPau aAmorth, Gabriele aLa spiritualité de la famille Paulinienne aI aLubumbashibSSPc1978 a31 pp.c20 cm aIndice I. La spiritualite in general II. L'idee de "Maitre" III. Jesus Maitre Voie IV. Jesus Maitre Verite V. Jesus Maitre Vie